00494nam a2200181 a 4500001001300000003000900013005001700022008004100039020001000080082001800090100002100108245003900129260003000168300000900198500003500207505004500242650002500287nice12345678IN_TiNIC20260116012341.0050524s1989 dela grp 000 0 eng  ac35000a954.0253bGUL aGulbadan Begum,  aHistory of Humayun (humayun Namah) aDelhibAtlantic Pubc1989 a331p aincludes index and biblioraphy2 aPersian and English. 96 Pages in Persian aMughal India-Humayun